| Tag |
First Indicator |
Second Indicator |
Subfields |
| LEADER |
00000cam a2200000 a 4500 |
| 001 |
in00000018489 |
| 005 |
20220103115000.0 |
| 007 |
cr unu a |
| 008 |
880616s1986 xx a b 00010 eng d |
| 035 |
|
|
|9 AAB0989AM
|
| 035 |
|
|
|a (OCoLC)18098424
|
| 040 |
|
|
|a TXA
|c TXA
|d UtOrBLW
|
| 049 |
|
|
|a TXAZ [Also in] [Archives]
|c 1 [A10033345], 2 [A10033353]
|
| 099 |
|
|
|a 1986
|a Thesis
|a S657
|
| 100 |
1 |
|
|a Smith, Randy Lin,
|d 1955-
|
| 245 |
1 |
4 |
|a The effects of televised angular displacement of visual feedback on a remote manipulation task /
|c by Randy Lin Smith.
|
| 264 |
|
1 |
|a [Place of publication not identified] :
|b [publisher not identified] ;
|c 1986.
|
| 300 |
|
|
|a xi, 82 leaves :
|b illustrations ;
|c 29 cm.
|
| 336 |
|
|
|a text
|b txt
|2 rdacontent
|
| 337 |
|
|
|a computer
|b c
|2 rdamedia
|
| 338 |
|
|
|a online resource
|b cr
|2 rdacarrier
|
| 500 |
|
|
|a "Major subject: Industrial Engineering."
|
| 500 |
|
|
|a Typescript (photocopy).
|
| 500 |
|
|
|a Vita.
|
| 502 |
|
|
|b M.S.
|c Texas A&M University
|d 1986.
|
| 504 |
|
|
|a Bibliography: leaves 60-70.
|
| 530 |
|
|
|a Also available online.
|
| 650 |
|
0 |
|a Manipulators (Mechanism)
|
| 650 |
|
0 |
|a Remote control.
|
| 650 |
|
4 |
|a Major industrial engineering.
|
| 856 |
4 |
1 |
|u https://hdl.handle.net/1969.1/ETD-TAMU-1986-THESIS-S657
|z Link to OAKTrust copy
|t 0
|
| 999 |
|
|
|a MARS
|
| 999 |
f |
f |
|s 054d3ea8-d58c-3357-a68f-ffa9e0c0408c
|i 02caa824-6e6b-33d4-8460-7e7966164009
|t 0
|
| 952 |
f |
f |
|p noncirc
|a Texas A&M University
|b J.J. Pickle Campus
|c High Density Repository
|s HDR
|d Remote Storage
|t 0
|e 1986 Thesis S657
|h Other scheme
|i computer -- online resource
|m A14839613578
|
| 952 |
f |
f |
|a Texas A&M University
|b College Station
|c Electronic Resources
|s www_evans
|d Available Online
|t 0
|e 1986 Thesis S657
|h Other scheme
|
| 998 |
f |
f |
|a 1986 Thesis S657
|t 0
|l Available Online
|
| 998 |
f |
f |
|a 1986 Thesis S657
|t 0
|l Remote Storage
|